01907 a2200301 45000010006000000050017000060080041000230030015000640400040000790800032001192450042001510200018001932640043002113000025002545050733002790410008010129420007010205900036010271000023010637000026010867000031011127000023011439990015011669520106011819520106012879520106013939520106014994327520260407155717.0260407a1988 arg spa dAR-UNSa-BCEJYS aAR-UNSa-BCEJYSbspacAR-UNSa-BCEJYS a94:33xHistoria económica10aHistoria económica y social general a950-537-442-9 1aBuenos Aires :bEdiciones Macchic1988 axxii, 463 p.c23 cm. aIntroducción: Primera Parte : 1. El significado de la revolución industrial - 2. Los factores condicionantes de la industrialización - 3. La revolución industrial en gran bretaña - 4. Los nuevos paises industriales: Europa occidental y los Estados Unidos - 5. Las economías industriales en la segunda mitad del siglo XIX - Segund Parte: Plenitud y crisis de la socidad industrial : 6. Aspectos económicos y sociales de la primera guerra mundial - 7. Los problemas de la decada del veinte - 8. La crisis de los años treinta - 9. La segunda guerra mundial - 10. La expansión de la segunda posguerra - Tercera Parte: La transición a la economía posindustrial: 11. La transición a la economía posindustrial aspa cBK aniveau_biblio:m niveau_hierar:01 aBerenblum, Rubén1 aBarbero, Maria Inés1 aGarcia Molina, Fernando R.1 aSaborido, Jorge E. c3684d3684 00104070aBCEJYSbBCEJYSc16d2026-04-07l0o94:33 H673pL85583r2026-04-07 15:57:17w2026-04-07yL 00104070aBCEJYSbBCEJYSc16d2026-04-07l0o94:33 H673pL85734r2026-04-07 15:57:17w2026-04-07yL 00104070aBCEJYSbBCEJYSc16d2026-04-07l0o94:33 H673pL85735r2026-04-07 15:57:17w2026-04-07yL 00104070aBCEJYSbBCEJYSc16d2026-04-07l0o94:33 H673pL85736r2026-04-07 15:57:17w2026-04-07yL